000 00686nam a2200217 i 4500
001 134837
003 ES-MaACL
005 20250806060943.0
007 t|
008 070629s1923 sp ||||1| spa d
080 _a340.6
100 1 _aThoinot, Henri.
_9109982
245 1 0 _aTratado de medicina legal /
_cHenri Thoinot ; traducido, anotado y adicionado con referencia a la legislación española y americana por W. Coroleu.
250 _a2ª ed.
260 _aBarcelona :
_bSalvat,
_c1923.
300 _a2 v. ;
_c21 cm.
650 1 7 _aMedicina legal
_2embne
_914928
700 0 _aCoroleu, Wilfredo.
_940649
852 _aES-MaACL
_jE-230-31
999 _c134837
_d134837